000 00847nam a2200241 i 4500
001 31725
003 ES-MaACL
005 20250815050908.0
007 t|
008 030130s1978 sp ||||1| spa d
245 0 1 _aEl mundo mediterráneo en la Edad Antigua.
_nI,
_pGriegos y persas /
_ccompilado por Hermann Bengtson ; [traductores: Carlos Gerhard y Florentino M. Torner].
250 _a5ª ed.
260 _a[Madrid] :
_bSiglo XXI,
_c[1978]
300 _aV, 413 p. ;
_c18 cm.
490 1 _aHistoria universal. Siglo XXI ;
_v5
650 0 7 _aHistoria antigua
_2embne
_913385
700 1 _aBengtson, Hermann.
_927578
700 1 _aGerhard, Carlos.
_956442
700 1 _aTorner, Florentino M.
_9110662
830 0 0 _aHistoria universal (Siglo XXI)
_v5
_9181446
852 _aES-MaACL
_jA-7873
_bR.97274
999 _c31725
_d31725